000 00716cam a2200229 a 4500
001 4397921
005 20180129051716.0
008 921204s1993 nyua bf 000 0 eng
010 _a 92044853
020 _a0876289723
040 _aDLC
_cDLC
_dDLC
041 _aeng
080 _a372.623044 ROB
082 0 0 _a372.623044 ROB
_220
100 1 _a47
101 _aEDU
245 1 0 _aWriting workshop survival kit /
_cGary R. Muschla.
504 _aIncludes bibliographical references (p. 259-260).
906 _a7
_bcbc
_corignew
_d1
_eocip
_f19
_gy-gencatlg
942 _2ddc
_cBK
999 _c41143
_d41143